Plastové platební karty už nejsou "in", do popředí se dostává digitální tokenizace

Rozhovor s Richardom Walitzom zo zpoločnosti MasterCard, ktorý má na starosti rozvoj mobilných platieb a vývoj nových digitálnych platforiem. Ako najmodernejšie technológie uľahčujú život.

Saved in:
Bibliographic Details
Main Author: Houdek, Tomáš
Other Authors: Walitza, Richard
Format: Book Chapter
Language:Czech
Subjects:
Tags: Add Tag
No Tags, Be the first to tag this record!

MARC

LEADER 00000naa a2200000 4500
001 0223716
005 20221104110534.8
041 0 |a cze 
044 |a CZ 
245 1 0 |a Plastové platební karty už nejsou "in", do popředí se dostává digitální tokenizace  |c Tomáš Houdek, Richard Walitza 
520 |a Rozhovor s Richardom Walitzom zo zpoločnosti MasterCard, ktorý má na starosti rozvoj mobilných platieb a vývoj nových digitálnych platforiem. Ako najmodernejšie technológie uľahčujú život. 
610 2 0 |a rozhovor 
610 2 0 |a manažéri 
610 2 0 |a banky 
610 2 0 |a bankovníctvo mobilné 
610 2 0 |a služby bankové 
610 2 0 |a služby finančné 
610 2 0 |a technológie nové 
610 2 0 |a karty platobné 
100 1 |a Houdek, Tomáš 
700 1 |a Walitza, Richard